Countries that Became Independent in 1918 - Statistics

General Stats
  • This quiz has been taken 229 times
  • The average score is 7 of 13
Answer Stats
Date Country % Correct
11 Nov Poland
84%
28 Oct Czechoslovakia
79%
18 Nov Latvia
79%
16 Nov Hungary
78%
16 Feb Lithuania
77%
24 Feb Estonia
76%
25 Jan Ukraine
65%
28 May Armenia
38%
26 May Georgia
36%
28 May Azerbaijan
35%
1 Dec Iceland
15%
30 Oct Yemen
7%
11 May Mountain Republic
3%
No matching quizzes found
Score Distribution
Percent of People with Each Score
Percentile by Number Answered
Your Score History
You have not taken this quiz